000 00552nam a2200229 a 4500
001 nice12345678
003 IN_TiNIC
005 20260116011448.0
008 050524s1939 laha grp 000 0 eng
020 _a
_c50
082 0 0 _a954.035
_bKHA
100 _aKhan, M Shah Nawaz
245 _aConfederacy of India
260 _aLahore
_bMuhammad Yusuf Khan
_c1939
300 _a272p
500 _aincludes index and biblioraphy
650 _aIndia-History
700 1 _aKhan, M Shah Nawaz
902 _bSRS
942 _cBK
999 _c1755
_d1755